Digital Government Review of Argentina Accelerating the Digitalisation of the Public Sector
Salvato in:
| Natura: | Libro |
|---|---|
| Lingua: | inglese |
| Pubblicazione: |
Paris
OECD
2019
|
| Serie: | OECD Digital Government Studies
|
| Soggetti: | |
| Tags: |
Nessun Tag, puoi essere il primo ad aggiungerne!!
|
MARC
| LEADER | 00000nam a2200000 4500 | ||
|---|---|---|---|
| 001 | 0267061 | ||
| 005 | 20221220064335.8 | ||
| 020 | |a 978-92-64-97684-9 | ||
| 041 | 0 | |a eng | |
| 044 | |a FR | ||
| 245 | 1 | 0 | |a Digital Government Review of Argentina |b Accelerating the Digitalisation of the Public Sector |
| 264 | 1 | |a Paris |b OECD |c 2019 | |
| 300 | |a 202 s. | ||
| 490 | 1 | |a OECD Digital Government Studies | |
| 830 | 0 | |a OECD Digital Government Studies | |
| 610 | 2 | 0 | |a správa verejná |
| 610 | 2 | 0 | |a transformácia digitálna |
| 610 | 2 | 0 | |a digitalizácia |
| 610 | 2 | 0 | |a dáta |
| 610 | 2 | 0 | |a politika |
| 610 | 2 | 0 | |a talenty |
| 610 | 2 | 0 | |a porovnanie štatistické medzinárodné |
| 610 | 2 | 0 | |a Argentína |